00586nam a22001937a 4500003000500000005001700005008004100022010001000063011001000073020001500083035001000098040000900108100003000117245010700147260007000254300001000324650003200334650002600366CHAP20220329142618.0020424d1991 mx r 00110 spa d a85641 a86613 a9688057223 a97152 cCHAP00aAlvarez de Lara, Rosa Ma.10aLegislación estatal en materia de defensa de los derechos humanosc/por Rosa María Alvarez de Lara aMéxico, D.F. :bComisíon Nacional de Derechos Humanos,c1991. a45 p.14aDerechos humanosxMéxico.14aLegislación social.